000 00564nam a22002057a 4500
005 20260515115050.0
008 250227b |||||||| |||| 00| 0 eng d
020 _a9789355409126
040 _aIN-DiNC
_cIN-DiNC
041 _deng
082 _a420
_bKUM
100 _aby Kumar, Varinder
_eauthor
245 _aEnglish language and communication skills(AEC)
_cby Varinder Kumar
250 _a1st ed.
260 _aLudhiana:
_bKalayani,
_c2024,
300 _a15.32p.
650 _aCommunication Skills
700 _aVarinder Kumar
_eauthor
942 _2ddc
_cBK
999 _c12057
_d12057